Crisis communication cases from Asia : (Record no. 2676)

MARC details
000 -LEADER
fixed length control field 02529cam a2200397 i 4500
001 - CONTROL NUMBER
control field 23761103
003 - CONTROL NUMBER IDENTIFIER
control field OSt
005 - DATE AND TIME OF LATEST TRANSACTION
control field 20260514110827.0
008 - FIXED-LENGTH DATA ELEMENTS--GENERAL INFORMATION
fixed length control field 240702s2024 nyu b 001 0 eng
010 ## - LIBRARY OF CONGRESS CONTROL NUMBER
LC control number 2024029603
020 ## - INTERNATIONAL STANDARD BOOK NUMBER
International Standard Book Number 9781032533889
Qualifying information (paperback)
035 ## - SYSTEM CONTROL NUMBER
System control number 23761103
040 ## - CATALOGING SOURCE
Original cataloging agency NIC/DLC
Language of cataloging eng
Description conventions rda
Transcribing agency DLC
Modifying agency DLC
-- MILA_ain
042 ## - AUTHENTICATION CODE
Authentication code pcc
043 ## - GEOGRAPHIC AREA CODE
Geographic area code a------
050 00 - LIBRARY OF CONGRESS CALL NUMBER
Classification number HD49.3
Item number .C77 2025
245 00 - TITLE STATEMENT
Title Crisis communication cases from Asia :
Remainder of title a cultural approach /
Statement of responsibility, etc. edited by Krishnamurthy Sriramesh and Su Lin Yeo.
264 #1 - PRODUCTION, PUBLICATION, DISTRIBUTION, MANUFACTURE, AND COPYRIGHT NOTICE
Place of production, publication, distribution, manufacture New York ;
-- London :
Name of producer, publisher, distributor, manufacturer Routledge, Taylor & Francis Group,
Date of production, publication, distribution, manufacture, or copyright notice 2025.
300 ## - PHYSICAL DESCRIPTION
Extent xx, 206 pages ;
Dimensions 24 cm
336 ## - CONTENT TYPE
Content type term text
Content type code txt
Source rdacontent
337 ## - MEDIA TYPE
Media type term unmediated
Media type code n
Source rdamedia
338 ## - CARRIER TYPE
Carrier type term volume
Carrier type code nc
Source rdacarrier
504 ## - BIBLIOGRAPHY, ETC. NOTE
Bibliography, etc. note Includes bibliographical references and index.
520 ## - SUMMARY, ETC.
Summary, etc. "This book analyzes crisis communication in Asia, focusing on how culture plays a central role in the way a crisis develops and is resolved. Using the case study method, this book offers the reader glimpses of the variety of cultures in the continent, displaying the complexity of the cross-cultural process of conducting crisis communication campaigns in this diverse context. Each of these cases addresses the onset, evolution, and resolution of the crisis. The contributors are seasoned practitioners who have done crisis communication work in this continent and have used the same framework of five environmental variables that define culture in this book: political culture; economic systems; societal culture; media systems; and activist environments. This edited volume is ideal for scholars and advanced students in public relations and strategic communication generally and crisis communication specifically"--
Assigning source Provided by publisher.
650 #0 - SUBJECT ADDED ENTRY--TOPICAL TERM
Topical term or geographic name entry element Communication in crisis management
Geographic subdivision Asia
Form subdivision Case studies.
650 #0 - SUBJECT ADDED ENTRY--TOPICAL TERM
Topical term or geographic name entry element Corporations
General subdivision Public relations
Geographic subdivision Asia
Form subdivision Case studies.
650 #0 - SUBJECT ADDED ENTRY--TOPICAL TERM
Topical term or geographic name entry element Intercultural communication
Geographic subdivision Asia
Form subdivision Case studies.
655 #7 - INDEX TERM--GENRE/FORM
Genre/form data or focus term Case studies.
Source of term lcgft
Authority record control number or standard number https://id.loc.gov/authorities/genreForms/gf2017026140
700 1# - ADDED ENTRY--PERSONAL NAME
Personal name Yeo, Su Lin,
Relator term editor.
700 1# - ADDED ENTRY--PERSONAL NAME
Personal name Sriramesh, Krishnamurthy,
Relator term editor.
776 08 - ADDITIONAL PHYSICAL FORM ENTRY
Relationship information Online version:
Title Crisis communication cases from Asia
Place, publisher, and date of publication New York, NY : Routledge, 2025
International Standard Book Number 9781032637679
Record control number (DLC) 2024029604
906 ## - LOCAL DATA ELEMENT F, LDF (RLIN)
a 7
b cbc
c orignew
d 1
e ecip
f 20
g y-gencatlg
942 ## - ADDED ENTRY ELEMENTS (KOHA)
Source of classification or shelving scheme Library of Congress Classification
Koha item type Book
Holdings
Withdrawn status Lost status Source of classification or shelving scheme Damaged status Not for loan Home library Current library Shelving location Date acquired Source of acquisition Cost, normal purchase price Total Checkouts Full call number Barcode Date last seen Cost, replacement price Price effective from Koha item type
    Library of Congress Classification     MILA University Central Library MILA University Central Library General Stacks 14/05/2026 Emo Book Services Sdn Bhd 173.24   HD49.3 .C77 2025 0003631 14/05/2026 173.24 14/05/2026 Book
   
  Powered by CD Solutions Sdn Bhd